Medagliere Tennis ai Giochi Olimpici - Statistics

Statistiche generali
  • Questo quiz è stato fatto 114 volte
    54 dall'ultimo reset
  • Il punteggio medio è 10 su 17
Statistiche sulle risposte
Medaglie complessive Medaglie d'Oro Medaglie d'Argento Medaglie di Bronzo Rappresentativa olimpica % Corretto
41 21 7 13 Stati Uniti
96%
15 2 8 5 Spagna
88%
11 3 6 2 Germania
84%
8 3 3 2 Russia
84%
19 5 6 8 Francia
80%
43 17 14 12 Gran Bretagna
80%
7 2 1 4 Australia
78%
8 0 3 5 Svezia
75%
6 3 3 0 Svizzera
75%
4 2 1 1 Cina
69%
5 0 2 3 Argentina
61%
6 1 2 3 Croazia
35%
4 2 1 1 Cile
33%
9 2 3 4 Repubblica Ceca
33%
6 3 2 1 Sudafrica
22%
4 1 1 2 Cecoslovacchia
16%
6 1 2 3 Squadra mista
2%
Nessun quiz corrispondente trovato
Distribuzione punteggi
Percentuale di utenti per punteggio
Percentile per numero di risposta
I tuoi punteggi nel tempo
Non hai fatto questo quiz dall'ultimo reset